01209nam a2200121 4500008004100000100001800041245011700059260000900176300001500185520083300200650001601033773003801049190826b ||||| |||| 00| 0 eng d aSturm, Thomas aFormal versus bounded norms in the psychology of rationality: toward a multilevel analysis of their relationship c2019 ap.190-209. aIt is often claimed that formal and optimizing norms of the standard conception of rationality and the heuristics of the bounded rationality approach are at odds with one another. This claim, I argue, is an overly complex one. In order to discuss it adequately, I introduce two sets of distinctions: (a) a system of different kinds of relations between conceptions of rationality, namely relations of elimination, compatibility, and complementarity, and (b) three different levels of possible relations between rules of different theories of rationality—the levels of empirical explanation, normative justification, and normative prescription. I argue that formal and bounded rules are compatible and complementary at the levels of explanation and justification, but probably not so at the level of prescription. - Reproduced. aRationality aPhilosophy of the Social Sciences